North Carolina's management of Homeland Security Program Grants awarded during fiscal years 2008 through 2010.

Bibliographic Details
Corporate Author: United States. Department of Homeland Security. Office of Inspector General (Author)
Format: Government Document eBook
Language:English
Published: Washington, DC : Department of Homeland Security, Office of Inspector General, 2013.
Subjects:
Online Access:https://purl.fdlp.gov/GPO/gpo46101
http://purl.fdlp.gov/GPO/gpo46101

MARC

Tag First Indicator Second Indicator Subfields
LEADER 00000cam a2200000 i 4500
001 in00003480421
005 20210312122843.0
006 m o d f
007 cr b||||||||||
008 140220s2013 dcu ob f000 0 eng c
035 |a (OCoLC)ocn870872402 
042 |a pcc 
043 |a n-us-nc 
040 |a GPO  |b eng  |e rda  |e pn  |c GPO  |d MvI 
049 |a WWW 
074 |a 0520-B-32 (online) 
086 0 |a HS 1.22:13-74 
088 |a OIG-13-74 
110 1 |a United States.  |b Department of Homeland Security.  |b Office of Inspector General,  |e author. 
245 1 0 |a North Carolina's management of Homeland Security Program Grants awarded during fiscal years 2008 through 2010. 
264 1 |a Washington, DC :  |b Department of Homeland Security, Office of Inspector General,  |c 2013. 
300 |a 1 online resource (28 pages) 
336 |a text  |b txt  |2 rdacontent 
337 |a computer  |b c  |2 rdamedia 
338 |a online resource  |b cr  |2 rdacarrier 
500 |a Title from title screen (viewed Feb. 20, 2014). 
500 |a "April 2013." 
504 |a Includes bibliographical references. 
500 |a "OIG-13-74." 
650 0 |a Emergency management  |z North Carolina  |x Finance  |x Auditing. 
650 0 |a Grants-in-aid  |z North Carolina  |x Auditing. 
650 0 |a Civil defense  |z North Carolina  |x Finance  |x Auditing. 
650 0 |a Federal aid to terrorism prevention  |z North Carolina  |x Auditing. 
650 0 |a National security  |z United States  |x Finance  |x Auditing. 
856 4 0 |u https://purl.fdlp.gov/GPO/gpo46101  |t 0 
856 4 0 |u http://purl.fdlp.gov/GPO/gpo46101  |t 0 
999 f f |s 0d119646-93d8-3820-a56a-c03b24f0a272  |i a0beb618-42fd-3b46-bbb0-718cbb64c174  |t 0 
952 f f |a Texas A&M University  |b College Station  |c Electronic Resources  |d Available Online  |t 0  |e HS 1.22:13-74  |h Superintendent of Documents classification 
998 f f |a HS 1.22:13-74  |t 0  |l Available Online